000 01254mam a2200361 a 4500
001 1764663
003 ARRUPE
005 20160825160512.0
008 960328s1996 miua b 000 0 eng
010 _a 96007857
020 _a0879075597 (alk. paper)
020 _a0879076593 (alk. paper)
035 _a(OCoLC)ocm34546985
035 _a(NNC)1764663
040 _aDLC
_cDLC
_dNNC
041 1 _aeng
_hgrc
050 0 0 _aBX382
_b.S68 1996
082 0 0 _a248.4/819
_220
100 _aJohn Wortley.
_925512
245 0 4 _aThe spiritually beneficial tales of Paul of Monembasia and of other authors /
_cintroduction, translation, and commentary by John Wortley.
260 _aKalamazoo, MI :
_bCistercian Publications,
_c1996.
263 _a9605
300 _a225 p. :
_bill. ;
_c22 cm.
490 1 _aCistercian studies series ;
_vno. 159
504 _aIncludes bibliographical references (p. 219-225).
610 2 0 _aOrthodox Eastern Church
_xDoctrines.
_916511
650 0 _aSpiritual life
_xOrthodox Eastern Church.
_914448
700 0 _aPaul,
_cBishop of Monemvasia,
_dactive 10th century.
_925513
700 1 _aWortley, John.
_925514
830 0 _aCistercian studies series ;
_vno. 159.
_925515
942 _2lcc
_cMONOGRAPH
999 _c125145
_d125145